| 000 | 00753 a2200169 4500 | ||
|---|---|---|---|
| 003 | Nust | ||
| 005 | 20220812155759.0 | ||
| 040 | _cNust | ||
| 082 | _a005.133,GOO | ||
| 100 |
_aGooking, Dan _997041 |
||
| 245 |
_aAdvanced C programming for Dummies / _bDan Gookin |
||
| 260 |
_aNew Delhi _bComdex computers _c1997 |
||
| 300 | _a1066p .: | ||
| 505 | _aIntroduction (Page-561), Picking Up the C Pieces (Leftovers from Volume I) (Page-567), Arrays and Strings and Things (Page-621), The Ugliest Aspect of C: Pointers (Page-727), The Whole Deal with Structures (Page-851), The Disk Drive Is your Slave (Page-913), The Missing Chapter (Page-971), Building Big Programs (Page-973). | ||
| 600 |
_aAdvanced C programming _997042 |
||
| 942 |
_2ddc _cBK _k005.133,GOO |
||
| 999 |
_c178962 _d178962 |
||